| 000 | 00544nam a2200181 4500 | ||
|---|---|---|---|
| 001 | 3028 | ||
| 005 | 20181127170340.0 | ||
| 010 | 0 | 0 | _a |
| 020 | 0 | 0 | _a0155675001 |
| 090 | 0 | 0 | _a320.473 B1871a 1997 |
| 100 | 0 | 0 | _a |
| 245 | 0 | 0 |
_aAmerican national government : _bA reader. _h |
| 250 | 0 | 0 | _a2nd ed. |
| 260 | 0 | 0 |
_aFort Worth, TX : _bHarcourt Brace College Publishers, _c1997. |
| 300 | 0 | 0 | _a156 p. |
| 500 | 0 | 0 | _a"Compiled by the faculty of the Department of Political Science, Ball State University." |
| 650 | 0 | 0 |
_aUnited States --Politics and government. _x |
| 999 |
_c2433 _d2433 |
||